000
00269nam a2200109Ia 4500
008
200302s9999 xx 000 0 und d
100
_a
Gordon E. Cherry
245
_a
Urban Planning Problems
260
_b
Leonard Hill Books Published
260
_c
1974
300
_a
259 P.,
999
_c
5245
_d
5245